Countries of Europe on a Globe Quiz Stats

Quiz Updated Jul 14, 2016

Challenge
Share
Tweet
Score 0/47 Timer 08:00
7 Plays Today
% Correct
Spain
99.7%
Norway
96.4%
Vatican City
92.9%
Russia
92.7%
Portugal
92.1%
Finland
91.3%
France
91.1%
Estonia
90.2%
Greece
90.1%
Ireland
90%
Sweden
89.7%
Belgium
89.4%
Iceland
89%
Turkey
89%
United Kingdom
88.9%
Austria
87.7%
Andorra
87.2%
Italy
86.4%
Switzerland
86.2%
Poland
84.7%
Lithuania
84.4%
Belarus
84%
Latvia
83.9%
Malta
83.8%
% Correct
Ukraine
83.6%
Denmark
83.2%
Cyprus
83%
Monaco
82%
Netherlands
81.1%
Germany
80.5%
Luxembourg
80%
San Marino
79.8%
Albania
79%
Croatia
78.8%
Czechia
77.6%
Serbia
77.2%
Bulgaria
76.7%
Slovenia
75.5%
Liechtenstein
74.8%
Romania
74.5%
Hungary
74.3%
Slovakia
73.7%
Moldova
72.8%
Macedonia
71.9%
Montenegro
71.4%
Bosnia and Herzegovina
71.3%
Kosovo
68.6%

You're not logged in!

Compare scores with friends on all Sporcle quizzes.
Sign Up with Email
OR
Log In

You Might Also Like...

Show Comments

Extras

Top Quizzes Today


Score Distribution

Your Account Isn't Verified!

In order to create a playlist on Sporcle, you need to verify the email address you used during registration. Go to your Sporcle Settings to finish the process.

Report this User

Report this user for behavior that violates our Community Guidelines.

Details: